Účtovanie v nezárobkových organizáciách
Účtovanie na účtovej triede 6 - Výnosy (príjmy) z prevádzkovej činnosti organizácie. Účtová trieda 9 - Imanie, fondy, hospodársky výsledok, dlhodobé úvery a záväzky, závierkové a podsúvahové účty. Rezervy a dlhodobé bankové úvery. Závierkové účty. Uzatváranie účtových kníh. Otváranie účtových kníh....
Salvato in:
| Autore principale: | |
|---|---|
| Natura: | Capitolo di libro |
| Lingua: | slovacco |
| Soggetti: | |
| Tags: |
Nessun Tag, puoi essere il primo ad aggiungerne!!
|
MARC
| LEADER | 00000naa a2200000 4500 | ||
|---|---|---|---|
| 001 | r040936 | ||
| 005 | 20230919092459.2 | ||
| 041 | 0 | |a slo | |
| 044 | |a SK | ||
| 245 | 1 | 0 | |a Účtovanie v nezárobkových organizáciách |c Viera Laszová |
| 520 | |a Účtovanie na účtovej triede 6 - Výnosy (príjmy) z prevádzkovej činnosti organizácie. Účtová trieda 9 - Imanie, fondy, hospodársky výsledok, dlhodobé úvery a záväzky, závierkové a podsúvahové účty. Rezervy a dlhodobé bankové úvery. Závierkové účty. Uzatváranie účtových kníh. Otváranie účtových kníh. Prevod zostatkov účtov. | ||
| 610 | 2 | 0 | |a účtovanie |
| 610 | 2 | 0 | |a triedy účtové |
| 610 | 2 | 0 | |a organizácie neziskové |
| 610 | 2 | 0 | |a nadácie |
| 610 | 2 | 0 | |a operácie účtovné |
| 610 | 2 | 0 | |a výnosy |
| 610 | 2 | 0 | |a účty podsúvahové |
| 610 | 2 | 0 | |a výsledok hospodársky |
| 610 | 2 | 0 | |a knihy účtovné |
| 100 | 1 | |a Laszová, Viera | |